000 01335nam a22002415i 4500
001 162239
003 ES-MaACL
005 20230906212447.0
008 041104q1898 fr d |||| | fre d
040 _aCAM
_bspa
_cCAM
100 1 _aPlanat, P.
_9131207
245 1 2 _aL'art de batir /
_cpar P. Planat.
260 _aParis :
_bLibraire de la Construction Moderne,
_c[s.a.] (
_fImp. Levé)
300 _a5 v. ;
_c27 cm.
490 1 _aCours de Constructions Civiles/ publié sous la direction de P. Planat
505 8 _aContiene: T.I: Matériaux de construction. Fondations.-- T.II: Principes de statique. Murs ordinaires. Murs de soutènement. Murs de réservoirs. T.III: Voutes en maçonnerie. Voutes d'églises. Flèches et tours. Béton armé. Silos.-- T.IV: Charpentes fer et bois. Application aux éléments de construction. Planchers-passerelles. Fermes en bois.-- T.V: Fermes metalliques. Chauffage et ventilation. Éclairage électricité. Hydraulique. Assainissement hygiène
596 _aExiste otra edición impresa en Corbeil: Imprimerie Éd. Crete.
596 _aEn la pág. 826 del T. V consta el año 1898.
650 4 _aConstrucción.
_911295
830 0 _aCours de Constructions Civiles/ publié sous la direction de P. Planat
_9222182
852 _aES-MaACL
_jF-1-5
_z-- Enc. hol.
999 _c162239
_d162239